000 00895nam a22003017a 4500
001 BR9802677
003 BR-BrBNA
005 20230928095934.0
007 ta
008 230509b bl.||||| |||| 00| 0 por d
040 _aBR-BrBNA
_bpor
_cBiblioteca Nacional de Agricultura
041 _a(Por)
072 _aP36
090 _ P36 BR9802677
100 1 _aCunha, L.O.
110 1 _aUniversidade Federal de Lavras, MG (Brasil)
_0Tese (Mestrado)
245 1 _aAspectos tecnicos e economicos da reabilitacao de dunas litoraneas mineradas em Mataraca, Paraiba
260 3 _aLavras, MG (Brasil):
_c1997.
300 _a72 p.
500 _a23 ref.; Summaries (Eng, Por); 17 tables; 6 illus.
650 _aMineracao
650 _aDeterioracao do Solo
650 _aVegetacao
650 _aEcologia Florestal
650 _aParaiba
909 _a202309
_bLucia
_c55
_dLucia Elande
942 _cBK
999 _c59513
_d59513